000 00326nam a2200157Ia 4500
001 1077
003 IN-NITTTR
005 20251114232907.0
008 251113s9999||||xx |||||||||||||| ||eng||
040 _beng
040 _cIN-NITTTR
041 _aeng
082 _a621.9 G
245 0 _aWorkshop technology /
942 _2ddc
_cBK
999 _c1065
_d1065